Normal view MARC view

Entry Personal Name

Number of records used in: 1

001 - CONTROL NUMBER

  • control field: 14425

003 - CONTROL NUMBER IDENTIFIER

  • control field: OSt

005 - DATE AND TIME OF LATEST TRANSACTION

  • control field: 20191210125413.0

008 - FIXED-LENGTH DATA ELEMENTS

  • fixed length control field: 191210|| aca||aabn | a|a d

040 ## - CATALOGING SOURCE

  • Original cataloging agency: OSt
  • Transcribing agency: OSt

100 ## - HEADING--PERSONAL NAME

  • Personal name: Rysman, Marc

670 ## - SOURCE DATA FOUND

  • Source citation: Work cat.: (OSt): Chu, Chenghuan Sean 14423, Competition and strategic incentives in the market for credit ratings: Empirics of the financial crisis of 2007

Powered by Koha